000 00385nam a2200133Ia 4500
008 100328s9999 xx 000 0 und d
082 _b59055
100 _aतांबे नरेन.
245 _aग्रंथसहवास.
260 _bग्रंथाली.
630 _aग्रंथसहवास.
730 _aग्रंथसहवास.
942 _cBOOK
999 _c545320
_d545317